|
|
|
|
| LEADER |
00703cam a2200205 7i4500 |
| 001 |
0000005434 |
| 005 |
20210105090000.0 |
| 020 |
|
|
|a 0838569765
|
| 090 |
0 |
0 |
|a RT85
|b .B36 2002
|
| 100 |
1 |
|
|a Bandman, Elsie L
|
| 245 |
1 |
0 |
|a Nursing ethics through the life span
|c Elsie L. Bandman, Bertram Bandman.
|
| 260 |
|
|
|a Upper Saddle River, N.J.:
|b Prentice Hall,
|c 2002.
|
| 300 |
|
|
|a xii, 333 p.;
|c 23 cm.
|
| 504 |
|
|
|a Includes bibliographical references and index
|
| 650 |
0 |
0 |
|a Ethics, Nursing
|
| 650 |
0 |
0 |
|a Nursing ethics
|
| 700 |
1 |
|
|a Bandman, Bertram
|
| 997 |
|
|
|a Health Sciences, Faculty
|
| 999 |
|
|
|a 0000003207
|b BOK
|c OPEN SHELF
|e 1st Floor, Shah Alam
|
| 999 |
|
|
|a 0000006141
|b BOK
|c OPEN SHELF
|e 1st Floor, Shah Alam
|